MARC details
| 000 -LEADER |
| fixed length control field |
00977cam a2200313Ia 4500 |
| 001 - CONTROL NUMBER |
| control field |
sjds45850771 |
| 003 - CONTROL NUMBER IDENTIFIER |
| control field |
sjds |
| 005 - DATE AND TIME OF LATEST TRANSACTION |
| control field |
20210705121206.0 |
| 008 - FIXED-LENGTH DATA ELEMENTS--GENERAL INFORMATION |
| fixed length control field |
010205s2000 ag 000 1 spa d |
| 020 ## - INTERNATIONAL STANDARD BOOK NUMBER |
| International Standard Book Number |
9500421488 (pbk.) |
| 022 ## - INTERNATIONAL STANDARD SERIAL NUMBER |
| International Standard Serial Number |
9789500421485 |
| 040 ## - CATALOGING SOURCE |
| Original cataloging agency |
LPU |
| Transcribing agency |
LPU |
| Modifying agency |
CSP |
| 041 1# - LANGUAGE CODE |
| Language code of text/sound track or separate title |
spa |
| Language code of original |
eng |
| 043 ## - GEOGRAPHIC AREA CODE |
| Geographic area code |
n-us-ca |
| -- |
n------ |
| 100 1# - MAIN ENTRY--PERSONAL NAME |
| Personal name |
Alcala, Kathleen, |
| Dates associated with a name |
1954- |
| 245 13 - TITLE STATEMENT |
| Title |
La flor en la calavera / |
| Statement of responsibility, etc. |
Kathleen Alcala ; [traduccion, Carmen Bordeu de Smith Estrada]. |
| 250 ## - EDITION STATEMENT |
| Edition statement |
1. ed. |
| 260 ## - PUBLICATION, DISTRIBUTION, ETC. (IMPRINT) |
| Place of publication, distribution, etc. |
Buenos Aires : |
| Name of publisher, distributor, etc. |
Emece Editores, |
| Date of publication, distribution, etc. |
c2000. |
| 300 ## - PHYSICAL DESCRIPTION |
| Extent |
235 p. ; |
| Dimensions |
23 cm. |
| 500 ## - GENERAL NOTE |
| General note |
Translation of: Flower in the skull. |
| 650 #0 - SUBJECT ADDED ENTRY--TOPICAL TERM |
| Topical term or geographic name as entry element |
Mexican American women |
| Form subdivision |
Fiction. |
| 650 #0 - SUBJECT ADDED ENTRY--TOPICAL TERM |
| Topical term or geographic name as entry element |
Indian women |
| Form subdivision |
Fiction. |
| 650 #0 - SUBJECT ADDED ENTRY--TOPICAL TERM |
| Topical term or geographic name as entry element |
Opata Indians |
| Form subdivision |
Fiction. |
| 650 #0 - SUBJECT ADDED ENTRY--TOPICAL TERM |
| Topical term or geographic name as entry element |
Mexican American families |
| Form subdivision |
Fiction. |
| 651 #0 - SUBJECT ADDED ENTRY--GEOGRAPHIC NAME |
| Geographic name |
Los Angeles (Calif.) |
| Form subdivision |
Fiction. |
| 651 #0 - SUBJECT ADDED ENTRY--GEOGRAPHIC NAME |
| Geographic name |
Tucson (Ariz.) |
| Form subdivision |
Fiction. |
| 655 #7 - INDEX TERM--GENRE/FORM |
| Genre/form data or focus term |
Domestic fiction. |
| Source of term |
lcgft. |
| 942 ## - ADDED ENTRY ELEMENTS (KOHA) |
| Koha item type |
Libro/Book |
| Source of classification or shelving scheme |
Dewey Decimal Classification |